000 00578cam a2200181 4500
008 171009n 000 0 eng u
020 _a9780323029483
035 _a(Sirsi) a204939
050 _aRC 953.8 GER 2012
245 _aGeriatric physical therapy /
_c edited by Andrew A. Guccione.
250 _a3rd ed.
260 _aSt. Louis :
_b Mosby,
_c 2012.
300 _axii, 611p.:
_bill.
504 _aIncludes bibliographical references and index.
650 _aPhysical Therapy Modalities.
650 _aPhysical therapy for older people.
700 _aGuccione, Andrew.
999 _c37572
_d37572